00241nam a2200085Ia 4500008004100000100002300041245006500064260001800129300000800147201231s9999 xx 000 0 und d aDupuy, Rene - Jean 4aThe University teaching of social sciences International Law aParisbUNESCO a154